000
00299nam a2200133Ia 4500
005
20251222141842.0
008
251222s9999||||xx |||||||||||||| ||spa||
020
_a
0-582-85220-X
082
_a
428.3/L22
100
_a
Land, Geoffrey
245
0
_a
Business Reading
264
_b
Longman
942
_c
LIB
999
_c
7459
_d
7459